000 00647nam a22002417a 4500
003 UA-OsUOA
001 28519
007 ta
008 20050404b un ||||| |||| 00| 0 ukr d
090 _a94(477).152
_bЗ28
942 _cBK
040 _aUA-OsUOA
_bukr
_cUA-OsUOA
_dUA-OsUOA
245 _aЗаради правди варто жити (Фундація українознавчих студій в Австралії)
_cУпоряд. М.Гоян
300 _a264 с.
955 _a0
041 _aukr
080 _a94(477).152
020 _a966-581-271-8
260 _aК.
_c2001
044 _aUA
650 7 _2UDC
999 _c314888
_d314888